| 000 | 02855nam a22003377a 4500 | ||
|---|---|---|---|
| 001 | 1721 | ||
| 003 | FISKH | ||
| 005 | 20231003161501.0 | ||
| 008 | 230920b cb ||||| |||| 00| 0 khr d | ||
| 020 | _a9789924341673 | ||
| 040 |
_aFISKH _beng _cFISKH _dFISKH |
||
| 082 | _a902 | ||
| 100 | _aYeong, Ye | ||
| 245 |
_a100 ហេតុការណ៍នៃប្រវត្តិសាស្រ្តពិភពលោក / _bពីបដិវត្តន៍ឧស្សាហកម្ម រហូតដល់ការមកដល់ប៉ូលខាងត្បូង : _cនិពន្ធដោយ យេ យ៉ង, ស៊ីន ជេហ្វាន់ និង ឆាន់ ដុងហូ - គូររូបដោយ ស៊ីន ជេហ្វាន់ និង ឆង់ ដុហូ - បកប្រែពីភាសាកូរ៉េដោយ ទូច វណ្ដា |
||
| 260 |
_aPhnom Penh : _bSipar, _c2022. |
||
| 300 |
_a109 pages : _bcolor illustrations ; _c23 cm |
||
| 490 |
_aខ្ញុំចង់ដឹង _v5 |
||
| 505 | _aZ' | ||
| 520 | _aនៅក្នុងផ្នែកទី 5 នៃថ្លុកកំប្លែងនេះ មិត្តអ្នកអាននឹងបានដឹងអំពីព្រឹត្តិការណ៍ប្រវត្តិសាស្ត្រដែលបានកើតឡើងនៅក្នុងប្រទេសអ៊ឺរ៉ុប និងអាស៊ី ចាប់ពីបដិវត្តន៍ឧស្សាហកម្មរហូតដល់ការមកដល់នៃប៉ូលខាងត្បូង រួមទាំងបដិវត្តន៍បារាំង សង្គ្រាមអាភៀន សង្គ្រាមស៊ីវិល ហ្គេមអូឡាំពិច និងជាច្រើនទៀត។ ព្រឹត្តិការណ៍ចាប់ផ្តើមពីចុងសតវត្សទី 18 ដល់ដើមសតវត្សទី 20 ។ | ||
| 520 | _aIn this 5th part of the series, readers will know about historical events which took place in European and Asian countries, from the Industrial Revolution to the arrival at the South Pole, including the French Revolution, the Opium War, the Civil War, the Olympic games and many other events starting from the late 18th to the early 20th century. | ||
| 521 | 8 |
_a1060
_bLexile estimate |
|
| 521 | 8 |
_aZ'
_bRaz-Plus |
|
| 650 |
_aសង្រ្គាមលោក _vបដិវត្តន៍ _xប្រវត្តិសាស្រ្ត |
||
| 650 |
_aWorld war _vRevolution _xHistory |
||
| 700 |
_aJae-hwan, shin _eAuthor |
||
| 700 |
_aDong-ho, Jeong _eAuthor |
||
| 700 |
_aJae-hwan, shin _eillustrator |
||
| 700 |
_aDong-ho, Jeong _eillustrator |
||
| 700 |
_aVanda, Touch _eTranslator |
||
| 942 |
_2ddc _cKHB _n0 |
||
| 999 |
_c1721 _d1721 |
||